000 00901nam a22002297a 4500
005 20240530110910.0
008 220214s1990 ua g 000 0 ara d
017 _bمصر. دار الكتب
_a2007/3217
040 _aEG-CaGPL
_cEG-CaGPL
082 0 4 _221
_a327.56047 /
_bس س
100 0 _aسليم توما
245 1 0 _aسفن روسية فى الخليج العربى 1899- 1903 :
_bمواد من ارشيف الدولة المركزى للاسطول البحرى الحربى /
_cسليم توما
250 _aط. 1
260 _aالاتحاد السوفييتى ؛
_bدار التقدم ؛
_c1990
300 _a175 ؛
_c20 سم
650 0 7 _2qrmak
_aالخليج العربى
650 0 7 _2qrmak
_aالاتحاد السوفييتى
651 _2qrmak
_aالسفن
700 _aسليم توما
_eمترجم
942 _2ddc
_cBK
999 _c66283
_d66283